| 000 | 00550nam a2200205Ia 4500 | ||
|---|---|---|---|
| 003 | 0100 | ||
| 008 | 130307s9999 xx 000 0 und d | ||
| 040 | _cARRUPELIB | ||
| 050 | _aBT101.C2 1943 | ||
| 100 | _aCarus , Paul | ||
| 245 | _aGod | ||
| 245 | _ban inquiry into the nature of man's highest ideal and a solution of the problem from the standpoint of science | ||
| 260 | _aIllinois | ||
| 260 | _bOpen Court Publishing Company | ||
| 260 | _c1943 | ||
| 300 | _aiv | ||
| 300 | _b249p. 22cm. | ||
| 650 | _bBusiness etiquette | ||
| 942 | 0 | 0 | _02 |
| 999 |
_c97480 _d97480 |
||